| 000 | 00915nam0a22002651 4500 | ||
|---|---|---|---|
| 001 | RU\NLR\INFOCOMM\LIB1\14905 | ||
| 005 | 20040531180615.1 | ||
| 035 | _a(NLR Aleph) 004335326 | ||
| 090 |
_a3047818 _c3047818 |
||
| 100 | _a20011119d1954 |||y0rusy50 ba | ||
| 101 | 1 |
_afin _crus |
|
| 102 | _aRU | ||
| 105 | _ay ||||000ay | ||
| 200 | 1 |
_aII internationalen romahdus _fVladimir Il'ič Lenin |
|
| 210 |
_aPetroskoi _cKarjalais-suomalaisen SNT:n valtion kustannusliike _d1954 |
||
| 215 |
_a63с. _d20см |
||
| 300 | _aЗаглавие оригинала:Крах II интернационала | ||
| 454 | 0 |
_12001#$aКрах II интернационала _tКрах II интернационала |
|
| 700 | 1 |
_aLenin _bV. I. _f1870-1924 _gVladimir Il'ič _4070 |
|
| 801 | 0 |
_aRU _bNLR _gPSBO _c19550228 |
|
| 801 | 1 |
_aRU _bInfoComm _c20011119 |
|
| 852 |
_aNLR _bЛ _j66-15/1-1 |
||
| 942 | _cBOOK | ||
| 980 | _aNB | ||